Estadísticas para Cultura General #16

Haz click aquí para intentar la prueba.

Estadísticas generales

  • Esta prueba ha sido intentada 409 veces
  • La puntuación promedio es 8 de 20

Estadísticas de respuestas

PreguntaRespuesta% Correcto
¿Qué tipo de animal descansa estereotípicamente sobre el hombro de un pirata?Loro
98%
¿Cuál es la capital de Irlanda?Dublín
93%
¿Qué color empieza por las letras "mag"?Magenta
91%
¿Qué servicio de internet popularizó los #hashtags?Twitter
81%
¿En qué se convierte alguien cuando es canonizado?Santo
57%
Tome el nombre de un estado de EE.UU.. Añada dos letras al principio y tendrá el nombre de otro estado. ¿Qué estado tienes ahora?Arkansas
49%
Nombre uno de los dos países con la mayor población de personas de
la etnia pashtún.
Afganistán /
Pakistán
43%
¿En qué mar encontrarías los grupos de islas del Dodecaneso y las Cícladas?Mar Egeo
37%
¿En qué país se encuentra el monte Ararat?Turquía
37%
¿Qué novela introdujo la frase "Big Brother is Watching You"?1984
34%
¿Cuántas teclas se encuentran en un piano típico?88
32%
¿Cómo se llama el tipo de perro salvaje que se encuentra en Australia?Dingo
26%
¿Qué órgano del cuerpo almacena sangre, elimina glóbulos viejos y filtra el hierro?Bazo
24%
¿Qué estudia la herpetología?Los reptiles
17%
Durante sus 40 años en el desierto, ¿qué comieron los israelitas?Maná
17%
¿Qué libro de Michael Crichton se convirtió en la película más taquillera de 1993?Jurassic Park
13%
¿Qué represa china, terminada en 2008, requirió la reubicación permanente de
más de 1 millón de personas?
Presa de las Tres {Gargantas}
12%
¿Qué tipo de pescado se captura a veces con "noodles": clavar la mano
en un hoyo y esperando que el pez muerda?
Bagre
7%
¿Para qué está diseñada una bandolera?Munición
5%
¿Cuál es el río más largo de Oceanía?Murray-Darling
2%

Distribución de puntuación

Porcentaje por número respondido

Porcentaje de gente con cada puntuación

Historial de tus puntuaciones

No has intentado esta prueba.